Applications of graph theory
Wedi'i Gadw mewn:
| Prif Awduron: | , |
|---|---|
| Fformat: | Llyfr |
| Iaith: | Saesneg |
| Cyhoeddwyd: |
Londres
Academic Press
1979
|
| Pynciau: | |
| Tagiau: |
Ychwanegu Tag
Dim Tagiau, Byddwch y cyntaf i dagio'r cofnod hwn!
|
MARC
| LEADER | 00000nam a2200000 a 4500 | ||
|---|---|---|---|
| 001 | UCV8060 | ||
| 003 | CL-VaPUC | ||
| 008 | 900510e19790000UK |||||||||||||||||eng|d | ||
| 082 | 0 | 4 | |a 511.5 |b WIL |2 21 |
| 100 | 0 | |a Wilson, Robin J |e author |9 302143 | |
| 700 | 0 | |a Beineke, Lowell W |e author |9 302144 | |
| 245 | 1 | 0 | |a Applications of graph theory |
| 300 | |a 423 p | ||
| 942 | |c BK | ||
| 945 | |d 19900510 00:00:00 | ||
| 260 | |a Londres |b Academic Press |c 1979 | ||
| 650 | 7 | |a TEORIA DE GRAFICOS |2 CL-VaPUC |9 265993 | |
| 583 | |a last modification |c 19900510 00:00:00 |k Rodrigo Vera | ||
| 999 | |c 213644 |d 213642 | ||
| 952 | |0 0 |1 0 |4 0 |6 511_500000000000000_WIL_1979 |7 0 |8 P |9 196218 |a BIBARQ |b BIBARQ |d 2019-11-14 |i 2641275 |o 511.5 WIL 1979 |p 2641275 |r 2025-01-20 |w 2019-11-14 |y BK |k ARQ | ||